Tuyển chọn kiến thức không dạy trong nhà trường

Sách cung cấp những kiến thức xã hội về cuộc sống, sức khỏe, động vật, ẩm thực, cơ thể con người và giải trí, ....

محفوظ في:
التفاصيل البيبلوغرافية
المؤلف الرئيسي: Giai Văn
مؤلفون آخرون: Trần Giang Sơn (Dịch)
التنسيق: كتاب
اللغة:Vietnamese
منشور في: H. Thanh niên 2018
الموضوعات:
الوسوم: إضافة وسم
لا توجد وسوم, كن أول من يضع وسما على هذه التسجيلة!
Thư viện lưu trữ: Thư viện Trường Đại học Nam Cần Thơ
LEADER 00971nam a22002057a 4500
001 NCT_58661
008 190212b xxu||||| |||| 00| 0 vie d
999 |c 2843  |d 2843 
020 |a 9786049705571  |c 100000 
082 0 4 |2 23rd ed.  |a 001  |b V115 
100 1 |a Giai Văn 
245 1 0 |a Tuyển chọn kiến thức không dạy trong nhà trường  |c Giai Văn ; Trần Giang Sơn (dịch) 
260 |a H.  |b Thanh niên  |c 2018 
300 |a 262 tr.  |c 21cm 
520 3 |a Sách cung cấp những kiến thức xã hội về cuộc sống, sức khỏe, động vật, ẩm thực, cơ thể con người và giải trí, .... 
653 |a Sách tham khảo 
700 1 |a Trần Giang Sơn  |e Dịch 
942 |2 ddc  |c BK 
952 |0 0  |1 0  |2 ddc  |4 0  |6 001_000000000000000_V115  |7 0  |9 15357  |a 000001  |b 000001  |d 2019-02-12  |o 001 V115  |p TK.01279  |r 2019-02-12  |v 100000.00  |w 2019-02-12  |y BK 
980 |a Thư viện Trường Đại học Nam Cần Thơ